| 000 | 01419nam a22003857a 4500 | ||
|---|---|---|---|
| 003 | CHAP | ||
| 005 | 20220329140427.0 | ||
| 008 | 971013s1975 r 00010 d | ||
| 010 | _a51818 | ||
| 011 | _a52790 | ||
| 035 | _a56940 | ||
| 040 | _cCHAP | ||
| 082 |
_a638.14 _bR6 |
||
| 100 | 0 | 0 |
_aRoma Fábrega, A. _999466 |
| 245 | _aMultiplicación del colmenar | ||
| 260 |
_aBarcelona : _bSintes, _c(1975) |
||
| 300 |
_a2 v. _b: ilus. |
||
| 490 |
_aSelecta enciclopedia práctica _v; 238-241 |
||
| 590 |
_aBATCH-UPD _b10 _c20130110 _lUCH01 _h0037 |
||
| 590 |
_aBATCH-UPD _b10 _c20130110 _lUCH01 _h0750 |
||
| 590 |
_aBATCH-UPD _b10 _c20130409 _lUCH01 _h2021 |
||
| 590 |
_aBATCH-UPD _b10 _c20130410 _lUCH01 _h0431 |
||
| 590 |
_aBATCH-UPD _b10 _c20130914 _lUCH01 _h1010 |
||
| 590 |
_aCONVERSION _b10 _c20130109 _lUCH01 _h1328 |
||
| 650 | 1 | 4 |
_aColmenas. _925339 |
| 830 | 0 |
_aSelecta enciclopedia práctica _v; 238-241 _9103783 |
|
| 901 | _aBK | ||
| 942 | _cLIBRO | ||
| 949 |
_a638.14 R6 _bBC _cLIBRO _d-124095 _eLIBRO _fv.2 _h17934 _i56940 _si |
||
| 949 |
_a638.14 R6 _bBC _cLIBRO _d-124096 _eLIBRO _fv.1 c.2 _h29150 _i56940 _si |
||
| 949 |
_a638.14 R6 _bBC _cLIBRO _d-124098 _eLIBRO _fv.2 c.2 _h29151 _i56940 _si |
||
| 949 |
_a638.14 R6 _bBC _cLIBRO _d-124099 _eLIBRO _fv.1 c.3 _h45409 _i56940 _si |
||
| 949 |
_a638.14 R6 _bBC _cLIBRO _d-124100 _eLIBRO _fv.2 c.3 _h45410 _i56940 _si |
||
| 949 |
_a638.14 R6 _bBC _cLIBRO _d33724000095451 _eLIBRO _fv.1 _h17931 _i56940 _si |
||
| 999 |
_c51818 _d51818 |
||